000 00581nam a2200193 a 4500
001 000040905
005 20201002034451.0
008 130911s1999 sp 000 0 spa d
020 _a8479533641
040 _aDO-SdBNP
_bspa
_cBNPHU
082 _axxxx
_bxxxx
100 1 _aHendricks, Gay
_967335
245 1 3 _aLa nueva mística empresarial /
_cGay Hendricks, Kate Luderman ; traducción Juanjo Estrella.
250 _a5a ed.
260 _aBarcelona, :
_bUrano,
_c1999.
300 _a222 p. ;
_c22 cm.
700 _aLuderman, Kate
_967336
700 _aEstrella, Juanjo,
_etr.
_910728
999 _c40395
_d40395